000 00634nam a2200253 a 4500
001 nice12345678
003 IN_TiNIC
005 20260116011806.0
008 050524s1956 u sa grp 000 0 eng
020 _a
_c100
082 0 0 _a297.86
_bAHM47
100 _aAhmed, Khawja Nazir
245 _aParacelete
_b Comforter Foretold By Jesus.
260 _aU S a
_bMansfield, Ohio
_c1956
300 _a60p
500 _aincludes index and biblioraphy
505 2 _aIndex
650 _aAhmadiyyah-Doctrine
650 _aParacelete-Ahmadiyya
700 1 _aAhmed, Khawja Nazir
902 _bSRS
942 _cBK
999 _c3994
_d3994